000 02113nam0a2200349 i 4500
001 RU\NLR\BIBL_A\011314746
005 20260407083951.0
010 _a9785805503062
_9500
021 _aRU
_b2016-100602
_96696
035 _a(NLR Aleph) 011314746
090 _a11041324
_c11041324
100 _a20170124d2016 k y0rusy50 ca
101 0 _arus
102 _aRU
105 _aa z 000zy
200 1 _aНаселение России: историко-демографическое измерение
_e[сборник научных статей по материалам Научного Форума "Поляковские чтения-2014"
_fсост. - д.ист.н. В.Б. Жиромская
_gредкол.: доктора ист. наук Ю.А. Петров, В.Б. Жиромская (отв. редакторы) и др.]
210 _aМосква
_cИРИ РАН
_d2016
215 _a294, [1] с.
_cил.
_d24
300 _aВ надзаг.: Отд-ние ист.-филол. наук Рос. акад. наук, Ин-т рос. истории Рос. акад. наук, Науч. совет Рос. акад. наук по ист. демографии и ист. географии
320 _aБиблиогр. в конце ст.
607 _aРоссия
_jСборники
_xНаселение
_xИстория
_92081150
_3RU\NLR\AUTH\661257116
686 1 _aС73(2)я43
686 1 _aТ3(2)0-1я43
702 1 _4340
_8rus
_7ca
_aПетров
_bЮ. А.
_cд-р ист. наук
_f1955-
_gЮрий Александрович
_3RU\NLR\AUTH\776489
_9116443
702 1 _aЖиромская
_bВ. Б.
_gВалентина Борисовна
_4220
711 1 2 _aПоляковские чтения
_eМосква
_f2014
_9546706
_3RU\NLR\AUTH\880441348
712 0 2 _4570
_aРоссийская академия наук
_bОтделение историко-филологических наук
_3RU\NLR\AUTH\8810044917
_9589261
942 _cBOOK
980 _aNBR